01001 a2200229 4500020001500000040001700015082001500032100002100047245008500068250001900153260004500172300003500217490003000252650005200282650005200334700002000386830005400406942002700460999001500487952013900502952013000641 a0534371736 aDLCbEnglish00a621.382/161 aProakis, John G.10aContemporary communication systems using MATLABcJohn G. Proakis, Masoud Salehi. aUpdated print. aPacific Grove, CA :bBrooks/Cole,c2000. axiii, 428 p. :bill. ;c23 cm.1 aBookWare companion series 0aData transmission systemsxComputer simulation. 0aTelecommunication systemsxComputer simulation.1 aSalehi, Masoud. 0aBookWare companion series (Pacific Grove, Calif.) cBKk621.38216 PRO2ddc c8263d8263 001040708NFICaCLbCLcGENd2003-04-05ePak Americang810.00l1o621.38216 PROpSEECS003324r2015-03-03s2015-02-16w2017-01-05yBK 001040708NFICaCLbCLcGENd2004-08-26eNew Public Bookg729.00l0o621.38216 PROpSEECS004710r2012-11-14w2017-01-05yBK